000 00311nam a22001217a 4500
008 180226b xxu||||| |||| 00| 0 eng d
041 _aeng
080 _a616.12
100 _a7
101 _aKAR
245 _aPerioperative Cardiac Dysrhythmias: Mechanisms Recognition Management
_cAtlee, J.L
942 _2udc
_cBK
999 _c43486
_d43486